Central Library OPAC University of Rajshahi

The physical geography of Bangladesh / (Record no. 40392)

MARC details
000 -LEADER
fixed length control field 01109nam a2200265 a 4500
001 - CONTROL NUMBER
control field 40392
003 - CONTROL NUMBER IDENTIFIER
rucl marc code BD-RjUL
005 - DATE AND TIME OF LATEST TRANSACTION
control field 20250928125842.0
008 - FIXED-LENGTH DATA ELEMENTS--GENERAL INFORMATION
fixed length control field 160430s2012 bg ab b 001 0 eng d
020 ## - INTERNATIONAL STANDARD BOOK NUMBER
International Standard Book Number 9789845060493
Terms of availability : Tk. 2050.00
International Standard Book Number 9845060498
035 ## - SYSTEM CONTROL NUMBER
System control number (BD-RjUL) 40507
040 ## - CATALOGING SOURCE
Original cataloging agency UKMGB
Language of cataloging eng
Description conventions rda
Transcribing agency UKMGB
Modifying agency OCLCO
-- DKAGE
-- DLC
-- BD-RjUL
041 ## - LANGUAGE CODE
Language code of text/sound track or separate title eng
082 04 - DEWEY DECIMAL CLASSIFICATION NUMBER
Edition number 23
Classification number 915.49202
Author mark and year BRP 2012
100 1# - MAIN ENTRY--PERSONAL NAME
Personal name Brammer, Hugh.,
9 (RLIN) 124379
245 14 - TITLE STATEMENT
Title The physical geography of Bangladesh /
Statement of responsibility, etc. Hugh Brammer.
260 ## - PUBLICATION, DISTRIBUTION, ETC. (IMPRINT)
Place of publication, distribution, etc. Dhaka :
Name of publisher, distributor, etc. The University Press,
Date of publication, distribution, etc. c2012
300 ## - PHYSICAL DESCRIPTION
Pagination xix, 547 pages :
Illustrations illustrations (some color), maps (some colour) ;
Size 25 cm +
Accompanying material 1 CD-ROM
500 ## - GENERAL NOTE
General note Includes a CD-ROM containing Maps 1, 2, 3, and 4.
504 ## - BIBLIOGRAPHY, ETC. NOTE
Bibliography, etc Includes bibliographical references and index.
505 8# - FORMATTED CONTENTS NOTE
Formatted contents note Contents on CD: 1. Bangladesh physiographic regions and subregions -- 2. Madhupur tract subtracts -- 3. Barind tract (subregions and subtracts) -- 4. Matamuhuri tidal floodplain and Teknaf peninsula (subtracts).
650 #0 - SUBJECT ADDED ENTRY--TOPICAL TERM
Topical term or geographic name as entry element Physical geography
Geographic subdivision Bangladesh.
9 (RLIN) 124428
942 ## - ADDED ENTRY ELEMENTS (KOHA)
Source of classification or shelving scheme Dewey Decimal Classification
Koha item type Books
Holdings
Lost status Source of classification or shelving scheme Damaged status Not for loan Collection code Permanent Location Current Location Shelving location Date acquired Source of acquisition Cost, normal purchase price Total Checkouts Full call number Date last seen Copy number Koha item type Date checked out
  Dewey Decimal Classification   Not For Loan Non-fiction Central Library, University of Rajshahi Central Library, University of Rajshahi Reading Room 28/10/2015 Biddashagor, Rajshahi 2050.00   915.49202 BRP 2012 30/04/2016 C-1 Books  
  Dewey Decimal Classification     Non-fiction Central Library, University of Rajshahi Central Library, University of Rajshahi   28/10/2015 Biddashagor, Rajshahi 2050.00 4 915.49202 BRP 2012 24/03/2024 C-2 Books 19/03/2024
  Dewey Decimal Classification     Non-fiction Central Library, University of Rajshahi Central Library, University of Rajshahi   28/10/2015 Biddashagor, Rajshahi 2050.00 1 915.49202 BRP 2012 25/01/2023 C-3 Books 29/12/2022
  Dewey Decimal Classification     Non-fiction Central Library, University of Rajshahi Central Library, University of Rajshahi   30/05/2013 RU V.C. Office 0.00   915.49202 BRP 2012 14/02/2017 C-4 Books  
  Dewey Decimal Classification     Non-fiction Central Library, University of Rajshahi Central Library, University of Rajshahi General Stacks 09/09/2024 Author     915.49202 BRP 2012 28/09/2025 C-5 Books